| 000 | 00542nam a2200169 i 4500 | ||
|---|---|---|---|
| 001 | 149187 | ||
| 003 | ES-MaACL | ||
| 005 | 20230906203007.0 | ||
| 007 | t| | ||
| 008 | 071019s1970 sp |||| | spa d | ||
| 100 | 1 |
_aVega y Relea, Juvenal de. _9113635 |
|
| 245 | 1 | 3 |
_aEl director escolar ante el nuevo planeamiento de la educación española / _cJuvenal de Vega y Relea. |
| 260 |
_aMadrid : _bEscuela Española, _c[1970] |
||
| 300 |
_a150 p. ; _c20 cm. |
||
| 650 | 4 |
_aDirectores de centros docentes. _9168916 |
|
| 852 |
_aES-MaACL _jC-51026 |
||
| 999 |
_c149187 _d149187 |
||